The London housing strategy (Record no. 109611)
[ view plain ]
| 000 -LEADER | |
|---|---|
| fixed length control field | 01531cad a22002415a 4500 |
| 001 - CONTROL NUMBER | |
| control field | E147549 |
| 008 - FIXED-LENGTH DATA ELEMENTS--GENERAL INFORMATION | |
| fixed length control field | 090521s2009 xxk f l000 0 eng d |
| 020 ## - INTERNATIONAL STANDARD BOOK NUMBER | |
| International Standard Book Number | 9781847812568 |
| 035 ## - SYSTEM CONTROL NUMBER | |
| System control number | (Sirsi) u147549 |
| 041 0# - LANGUAGE CODE | |
| Language code of text/sound track or separate title | eng |
| 050 04 - LIBRARY OF CONGRESS CALL NUMBER | |
| Classification number | 306.1 $2 18 |
| 110 2# - MAIN ENTRY--CORPORATE NAME | |
| Corporate name or jurisdiction name as entry element | London |
| Subordinate unit | Greater London Authority |
| 9 (RLIN) | 3989 |
| 245 04 - TITLE STATEMENT | |
| Title | The London housing strategy |
| Remainder of title | draft for public consultation |
| Medium | [electronic resource] |
| 260 ## - PUBLICATION, DISTRIBUTION, ETC. | |
| Place of publication, distribution, etc. | London |
| Name of publisher, distributor, etc. | GLA |
| Date of publication, distribution, etc. | 2009 |
| 505 2# - FORMATTED CONTENTS NOTE | |
| Formatted contents note | Foreword -- Achieving the vision -- Consulting with London -- Raising aspirations, promoting opportunity: rethinking London's housing; helping homeowners and first time buyers; improving the social rented sector; improving the private rented sector -- Improving homes, transforming neighbourhoods: designing better homes; producing greener homes; revitalising homes and communities -- Maximising delivery, optimising value for money: delivering across London; delivering locally; investing to deliver -- Delivering the London Housing Strategy -- Appendices |
| 520 ## - SUMMARY, ETC. | |
| Summary, etc. | Sets out the vision of the Mayor of London for housing in the capital. Aims to increase opportunity, improve homes and ensure value for money in housing provision. Deadline for comments is 31 August 2009. |
| 521 ## - TARGET AUDIENCE NOTE | |
| Target audience note | Introductory |
| 590 ## - LOCAL NOTE (RLIN) | |
| Local note | KA NTK |
| 651 #4 - SUBJECT ADDED ENTRY--GEOGRAPHIC NAME | |
| Geographic name | London |
| 690 ## - LOCAL SUBJECT ADDED ENTRY--TOPICAL TERM (OCLC, RLIN) | |
| Topical term or geographic name as entry element | PROPERTY-RESIDENTIAL PROPERTY-DOMESTIC RESIDENTIAL PROPERTY-HOUSING |
| 856 40 - ELECTRONIC LOCATION AND ACCESS | |
| Uniform Resource Identifier | <a href="https://www.london.gov.uk/mayor/housing/strategy/index.jsp">https://www.london.gov.uk/mayor/housing/strategy/index.jsp</a> |
| Public note | View the strategy free of charge at www.london.gov.uk... |
| 942 ## - ADDED ENTRY ELEMENTS (KOHA) | |
| Suppress in OPAC | 0 |
| Withdrawn status | Lost status | Source of classification or shelving scheme | Damaged status | Not for loan | Home library | Current library | Shelving location | Date acquired | Total Checkouts | Full call number | Barcode | Date last seen | Copy number | Price effective from | Koha item type |
|---|---|---|---|---|---|---|---|---|---|---|---|---|---|---|---|
| Dewey Decimal Classification | Virtual | Virtual | Online | 21/05/2009 | ONLINE PUBLICATION | 147549-2001 | 06/08/2019 | 1 | 06/08/2019 | Book |